Економіка. (Запис № 17416)

000 -Маркер запису
Контрольне поле сталої довжини 02075nam a22002777a 4500
003 - Належність контрольного номера
Контрольне поле Uzh_bibl
008 - Кодовані дані
Контрольне поле сталої довжини 260421b |||||||| |||| 00| 0 ukr d
020 ## - Індекс ISBN
ISBN 966-574-237-Х
Ціна 20.00
040 ## - Джерело каталогіз.
Код мови каталог. укр.
041 ## - Код мови видання
Код мови оригіналу українська
Код мови тексту українська
080 ## - Індекс УДК
Індекс УДК 33
090 ## - Шифри
Поличний індекс 33
Авторський знак Е 45
100 ## - Автор
Автор -
245 ## - Назва
Назва Економіка.
Відповідальність За ред. канд.екон.наук, доц. С. В. Степаненка
Фізичний носій Текст
260 ## - Вихідні дані
Місце видання Київ
Видавництво КНЕУ
Дата видання 2001
300 ## - Фізичний опис
Обсяг 306 с.
Ілл./тип відтвор. Іл.
490 ## - Серія
№ тому 2-ге, доповнене видання
520 ## - Анотація
Анотація У посібнику, підготовленому відповідно до навчальної програми, затвердженої Міністерством освіти і науки України, вперше зроблено спробу викласти учням загальноосвітньої середньої школи цілісний погляд на основи економіки як системи знань, необхідних наразі кожній людині без урахування її спеціальності та рівня освіти. Навчальний матеріал збудовано на конкретних українських економічних реаліях. Для учнів загальноосвітніх середніх шкіл, ліцеїв, гімназій, студентів неекономічних спеціальностей вузлів, а також для тих, кого цікавить компанія як наука.
521 ## - Примітка про цільове призначення
Примітка про цільове призначення Для широкого кола читачів
546 ## - Примітка про мову
Примітка про мову укр.
650 ## - Тематичні рубрики
Основна рубрика Навчальне видання
653 ## - Ключові слова
Ключові слова Економіка домашнього господарства.
-- Підприємства.
-- Національна економіка.
655 ## - Термін індексування — жанр/форма
Жанр/форма Економіка
Типове ділення Навчальний посібник
700 ## - Інші автори
Інші автори С.В. Степаненко, А. М. Поручник, А.С. Бебело та ін.
942 ## - ADDED ENTRY ELEMENTS (KOHA)
Джерело класифікації чи схема поличного розташування
Koha item type Книги
Фонди
Статус вилучення Статус втрати/відсутності Джерело класифікації чи схема поличного розташування Статус пошкодження Тип обігу (не для випозичання) Постійне розташування Поточне розташування Розташування у відділі Дата надходження Інвентарний номер Total Checkouts Повний (примірниковий) шифр зберігання Штрих-код Date last seen Дата, для якої чинна ціна заміни Тип одиниці (рівень примірника)
          Бібліотека-філія № 1 для дітей Бібліотека-філія № 1 для дітей Читальна зала старший відділ 21/04/2026 50531   33 16607 21/04/2026 21/04/2026 Книги

Працює на АБІС Коха